Les groupes apparaissant dans One Piece - Statistiques

Statistiques générales
  • Ce quiz a été pris 46 fois
  • Le résultat moyen est 16 sur 26
Statistiques - réponses
Membres Groupes % Correct
Barbe-Blanche, Shanks, Kaido, Big Mom 4 Empereurs
100%
Aokiji, Kizaru, Akainu, Fujitora Amiraux
92%
Dragon, Sabo, Ivankov, Belo Betty Armée Révolutionnaire
92%
Mihawk, Crocodile, Hancock, Moria 7 Grands Corsaires
89%
Lucci, Kaku, Spandam, Jabura Cipher Pol 9
86%
Lucci, Kaku, Stussy, Guernica Cipher Pol AIGUIS-0
84%
Robin, Daz Bones, Galdino, Bonclay Baroque Works
81%
Garling, Shamrock, Killingham, Sommers Chevaliers Divins
68%
Mars, Nusjuro, Ju Peter, Garling Conseil des 5 Doyens
68%
Marco, Joz, Vista, Ace Equipage de Barbe-Blanche
62%
Katakuri, Pudding, Mont d'Or, Cracker Equipage de Big Mom
62%
Sauro, Hajrudin, Dorry, Oimo Géants
62%
Burgess, Van Augur, Catarina Devon, Pizzaro Equipage de Barbe-Noire
59%
Rayleigh, Gaban, Crocus, Oden Equipage de Roger
59%
Barbe-Blanche, Shiki, John, Gloriosa Equipage des Rocks
59%
Judge, Reiju, Ichiji, Niji Germa 66
59%
Jinbe, Arlong, Fisher Tiger, Hody Jones Hommes-Poissons
59%
Doflamingo, Diamante, Pica, Sugar Donquichotte Family
57%
Luffy, Zoro, Sanji, Brook Equipage au Chapeau de Paille
54%
Garp, Smoker, Momonga, Bastille Vice-Amiraux
51%
Icebarg, Pauly, Lulu, Tilestone Galley-La Company
46%
Ulti, Page One, Sasaki, ,Who's Who Tobbi Roppo
46%
Kaido, King, Queen, Jack Equipage aux Cent Bêtes
43%
Drake, Kobby, Hermepp, Gruss SWORD
41%
Vegapunk, Cesar, Queen, Judge MADS
27%
Luffy, Law, Roger, Xebec Clan du D
22%
Aucun quiz correspondant
Distribution des résultats
% des personnes avec chaque résultat
Percentile par nombre de réponses
Votre historique - résultats
Vous n’avez pas pris ce quiz